=LDR 00000nam 2200000 4500 =001 NUTBA000000000002392 =005 20140613155550.0 =006 =007 =008 =020 ##$$a 978-979-1211-72-7 =035 ##$$a 0010-061400000000335 =040 ##$$a NBPDMAT =082 ##$$a 633.61 =090 ##$$a 633.61 $b Ahm b =100 ##$$a Ahmad Said =245 ##$$a Budi daya tanaman tebu / $c Ahmad Said =260 ##$$a Jakarta : $b Azka Press, $c 2007 =300 ##$$a iv, 82 hlm. $b ilus. ; $c cm. =500 ##$$a Bibliografi : hlm. 61 =650 ##$$a Tebu - Budidaya =850 ##$$a NBPDMAT =990 ##$$a 21401757